[Event "SVK-ch Amateurs"]
[Site "Topolcany"]
[Date "2021.08.09"]
[Round "6"]
[White "Nadzamova, Viktoria"]
[Black "Kubrican, Anton"]
[Result "1-0"]
[WhiteElo "2038"]
[BlackElo "1862"]
[PlyCount "33"]
[EventDate "2021.08.06"]
[EventType "swiss"]
[EventRounds "7"]
[EventCountry "SVK"]
[SourceTitle "EXT 2022"]
[Source "ChessBase"]
[SourceDate "2021.10.06"]
[SourceVersion "1"]
[SourceVersionDate "2021.10.06"]
[SourceQuality "1"]

1. e4 d6 2. d4 Nf6 3. Nc3 g6 4. h3 Bg7 5. g4 b6 6. Bg2 Bb7 7. Nge2 Nbd7 8. Be3 e5 9. d5 Qe7 10. Qd2 0-0-0 11. a4 a5 12. b4 axb4 13. Nb5 Nc5 14. Qxb4 Na6 15. Qc4 Nd7 16. Na7+ Kb8 17. Qxa6 1-0

[Event "SVK-ch Amateur"]
[Site "Topolcany"]
[Date "2020.07.12"]
[Round "5"]
[White "Kubrican, Anton"]
[Black "Brida, Lukas"]
[Result "1-0"]
[WhiteElo "1861"]
[BlackElo "1879"]
[PlyCount "59"]
[EventDate "2020.07.10"]
[EventType "swiss"]
[EventRounds "7"]
[EventCountry "SVK"]
[SourceTitle "EXT 2021"]
[Source "ChessBase"]
[SourceDate "2020.10.23"]
[SourceVersion "1"]
[SourceVersionDate "2020.10.23"]
[SourceQuality "1"]

1. g3 d5 2. Bg2 g6 3. d3 Bg7 4. Nc3 c6 5. e4 dxe4 6. Nxe4 Nd7 7. Nf3 Ngf6 8. 0-0 0-0 9. c3 Qb6 10. Qc2 Nxe4 11. dxe4 a5 12. Be3 Qa6 13. Rfd1 a4 14. Rd2 Nb6 15. Bd4 Bh6 16. Rdd1 Be6 17. Bc5 Rfe8 18. h3 Nd7 19. Bf1 Qa5 20. Ba3 c5 21. b4 Qc7 22. bxc5 Nxc5 23. Nd4 Bc8 24. Bb5 Rd8 25. Bf1 b6 26. Nb5 Rxd1 27. Nxc7 Rxa1 28. Nxa8 Bxh3 29. Bxc5 Bxf1 30. Qb2 1-0

[Event "SVK-ch rapid"]
[Site "Topolcany"]
[Date "2020.07.11"]
[Round "8"]
[White "Kubrican, Anton"]
[Black "Matejov, Jaroslav"]
[Result "1-0"]
[WhiteElo "1923"]
[BlackElo "2067"]
[PlyCount "105"]
[EventDate "2020.07.11"]
[EventType "swiss (rapid)"]
[EventRounds "9"]
[EventCountry "SVK"]
[SourceTitle "CBM 197 Extra"]
[Source "ChessBase"]
[SourceDate "2020.09.30"]
[SourceVersion "1"]
[SourceVersionDate "2020.09.30"]
[SourceQuality "1"]

1. g3 Nf6 2. Bg2 g6 3. d3 Bg7 4. Nc3 d5 5. e4 d4 6. Nce2 c5 7. h3 Nc6 8. f4 h5 9. Nf3 Bd7 10. 0-0 e6 11. Ng5 0-0 12. c3 Qe7 13. c4 Nh7 14. Nxh7 Kxh7 15. Kf2 e5 16. Kg1 f5 17. exf5 Bxf5 18. fxe5 Bxe5 19. Nf4 Bxf4 20. Rxf4 Nb4 21. Bf1 Rae8 22. Qf3 Nc2 23. Rb1 Ne1 24. Qd1 Qg5 25. Kh2 Qe7 26. Kg1 Qe6 27. Kh2 Bxh3 28. Bxh3 Qe2+ 29. Qxe2 Rxe2+ 30. Kg1 Rfe8 31. Bf1 Rc2 32. Rf2 Rxf2 33. Kxf2 Nc2 34. a3 a5 35. Bd2 Ne3 36. Bxe3 Rxe3 37. b4 axb4 38. axb4 b6 39. bxc5 bxc5 40. Rb7+ Kh6 41. Rd7 Re5 42. Rd5 Rxd5 43. cxd5 Kg7 44. Kf3 Kf6 45. Kf4 g5+ 46. Ke4 g4 47. Bg2 Ke7 48. Ke5 Kd7 49. Bf1 Ke7 50. Bg2 Kd7 51. Be4 Ke7 52. d6+ Kd7 53. Kd5 1-0

[Event "SVK-chT2B 1718"]
[Site "Slovakia"]
[Date "2018.03.18"]
[Round "11.4"]
[White "Kubrican, Anton"]
[Black "Torotto, Antal"]
[Result "1/2-1/2"]
[WhiteElo "1888"]
[BlackElo "1983"]
[PlyCount "61"]
[EventDate "2017.10.28"]
[EventType "team-tourn"]
[EventRounds "11"]
[EventCountry "SVK"]
[SourceTitle "EXT 2020"]
[Source "ChessBase"]
[SourceDate "2019.10.17"]
[SourceVersion "1"]
[SourceVersionDate "2019.10.17"]
[SourceQuality "1"]
[WhiteTeam "Topolcany"]
[BlackTeam "Batorove Kosihy"]
[WhiteTeamCountry "SVK"]
[BlackTeamCountry "SVK"]

1. g3 e5 2. Bg2 d5 3. d3 c6 4. Nc3 Nf6 5. e4 dxe4 6. Nxe4 Nxe4 7. Bxe4 f5 8. Bg2 Bd6 9. Nf3 0-0 10. c3 Kh8 11. 0-0 f4 12. Re1 fxg3 13. fxg3 Qf6 14. Be3 Bg4 15. Rf1 Nd7 16. Qa4 Qg6 17. Qc2 Qh5 18. Ng5 Bc5 19. Bxc5 Nxc5 20. Ne4 Nxe4 21. dxe4 h6 22. Qd2 Rfd8 23. Qe3 Kg8 24. Rf2 Qg5 25. Qxg5 hxg5 26. Raf1 Be6 27. a3 Rd3 28. Rf3 Rad8 29. Rxd3 Rxd3 30. Rf3 Rd7 31. Rf1 1/2-1/2

[Event "SVK-chT2B 1718"]
[Site "Slovakia"]
[Date "2018.02.25"]
[Round "9.5"]
[White "Kubrican, Anton"]
[Black "Chrenko, Kristian"]
[Result "0-1"]
[WhiteElo "1888"]
[BlackElo "1980"]
[PlyCount "118"]
[EventDate "2017.10.28"]
[EventType "team-tourn"]
[EventRounds "11"]
[EventCountry "SVK"]
[SourceTitle "EXT 2019"]
[Source "ChessBase"]
[SourceDate "2018.10.10"]
[SourceVersion "1"]
[SourceVersionDate "2018.10.10"]
[SourceQuality "1"]
[WhiteTeam "Topolcany"]
[BlackTeam "Tlmace"]
[WhiteTeamCountry "SVK"]
[BlackTeamCountry "SVK"]

1. g3 d5 2. Bg2 Nf6 3. d3 Bf5 4. Nf3 e6 5. 0-0 Be7 6. Bf4 h6 7. c4 c6 8. Qb3 Qb6 9. Nbd2 Nbd7 10. Be3 Qa6 11. cxd5 exd5 12. d4 0-0 13. Rfc1 Bd6 14. Bf1 Ng4 15. Bxh6 Nxh6 16. e4 Qb6 17. exf5 Qxb3 18. Nxb3 Rfe8 19. Bd3 Ng4 20. Re1 b6 21. Rac1 c5 22. Bb5 Ngf6 23. Rxe8+ Rxe8 24. dxc5 bxc5 25. Rc2 Rb8 26. Bxd7 Nxd7 27. Re2 Kf8 28. Ng5 c4 29. Nd4 Ne5 30. Rc2 Bc5 31. Ngf3 Nd3 32. b3 Nb4 33. Re2 Re8 34. bxc4 dxc4 35. a4 c3 36. Rxe8+ Kxe8 37. Nb3 c2 38. Ne1 Bd4 39. Kf1 Bb2 40. Ke2 c1Q 41. Nxc1 Bxc1 42. Kf3 Bd2 43. Ng2 Kd7 44. Ke4 Kd6 45. Kd4 Nd5 46. f4 Nb6 47. a5 Bxa5 48. g4 Nd5 49. Kd3 Bb6 50. g5 Ne7 51. Ke4 a5 52. Ne1 a4 53. Nd3 a3 54. Nb4 Ba5 55. Nc2 a2 56. h4 Bc3 57. h5 a1Q 58. Nxa1 Bxa1 59. f6 gxf6 0-1

[Event "SVK-chT2B 1718"]
[Site "Slovakia"]
[Date "2018.02.04"]
[Round "7.6"]
[White "Vanya, Attila"]
[Black "Kubrican, Anton"]
[Result "1/2-1/2"]
[WhiteElo "1770"]
[BlackElo "1888"]
[PlyCount "81"]
[EventDate "2017.10.28"]
[EventType "team-tourn"]
[EventRounds "11"]
[EventCountry "SVK"]
[SourceTitle "EXT 2019"]
[Source "ChessBase"]
[SourceDate "2018.10.10"]
[SourceVersion "1"]
[SourceVersionDate "2018.10.10"]
[SourceQuality "1"]
[WhiteTeam "Nove Zamky"]
[BlackTeam "Topolcany"]
[WhiteTeamCountry "SVK"]
[BlackTeamCountry "SVK"]

1. e4 d6 2. d4 g6 3. f4 Bg7 4. Nf3 Nf6 5. Bd3 b6 6. c3 0-0 7. 0-0 c5 8. dxc5 dxc5 9. e5 Nd5 10. Be4 Nc7 11. Bxa8 Nxa8 12. Qxd8 Rxd8 13. Be3 Nc6 14. Nbd2 Nc7 15. Rad1 Nd5 16. Kf2 Kf8 17. Nc4 Ba6 18. Nfd2 Ke8 19. Rfe1 b5 20. Na3 b4 21. Nab1 Nxe3 22. Rxe3 g5 23. g3 gxf4 24. gxf4 Bh6 25. Rh3 Bxf4 26. Rxh7 Bxe5 27. Re1 bxc3 28. Nf3 Bf6 29. Nxc3 Bd3 30. Rh5 c4 31. Rd1 Rb8 32. Rd2 Nd4 33. Rd5 Nxf3 34. Kxf3 e6 35. Rb5 Rc8 36. Ra5 Bd4 37. Ne4 Ke7 38. Nf2 Bb6 39. Ra4 Bf5 40. Nd1 Bd3 41. Nf2 1/2-1/2

[Event "SVK-chT2B 0607"]
[Site "Slovakia"]
[Date "2006.10.15"]
[Round "2.4"]
[White "Kubrican, Anton"]
[Black "Spik, Peter"]
[Result "1-0"]
[WhiteElo "1833"]
[BlackElo "2075"]
[PlyCount "102"]
[EventDate "2006.10.14"]
[EventType "team-tourn"]
[EventRounds "11"]
[EventCountry "SVK"]
[SourceTitle "EXT 2008"]
[Source "ChessBase"]
[SourceDate "2007.11.25"]
[SourceVersion "1"]
[SourceVersionDate "2007.11.25"]
[SourceQuality "1"]
[WhiteTeam "Topolcany"]
[BlackTeam "Sala"]
[WhiteTeamCountry "SVK"]
[BlackTeamCountry "SVK"]

1. g3 d5 2. Bg2 Nf6 3. d3 e5 4. Nc3 c6 5. e4 Bb4 6. Bd2 0-0 7. Nge2 Be6 8. 0-0 dxe4 9. Nxe4 Bxd2 10. Nxf6+ Qxf6 11. Qxd2 Nd7 12. Nc3 Nb6 13. f4 Qh6 14. Rae1 Rad8 15. Qf2 exf4 16. Qxf4 Qxf4 17. Rxf4 Rfe8 18. Rfe4 Kf8 19. Kf2 Nd5 20. Nxd5 Rxd5 21. Bh3 Rh5 22. Bxe6 Rxe6 23. Rxe6 fxe6 24. Kg2 Ke7 25. d4 Kd6 26. Rf1 Rf5 27. Re1 Kd5 28. c3 a5 29. g4 Rg5 30. Kg3 h5 31. h3 hxg4 32. hxg4 Kd6 33. Kf4 Rb5 34. b3 g5+ 35. Ke4 a4 36. b4 Rb6 37. Rf1 Ke7 38. Rh1 Kf7 39. Rh6 a3 40. Rh7+ Kf6 41. Rh8 Ra6 42. Rh6+ Kg7 43. Rxe6 Ra8 44. Re7+ Kf6 45. Rxb7 Re8+ 46. Kd3 Rh8 47. Ra7 Rh4 48. d5 cxd5 49. b5 Ke5 50. Rxa3 Rh3+ 51. Ke2 d4 1-0

[Event "SVK-chT1W 0102"]
[Site "Slovakia"]
[Date "2002.??.??"]
[Round "5"]
[White "Kubrican, Anton"]
[Black "Bisco, Igor"]
[Result "0-1"]
[WhiteElo "1485"]
[BlackElo "2120"]
[PlyCount "75"]
[EventDate "2001.10.??"]
[EventType "team"]
[EventRounds "11"]
[EventCountry "SVK"]
[SourceTitle "EXT 2007"]
[Source "ChessBase"]
[SourceDate "2006.11.23"]
[SourceVersion "1"]
[SourceVersionDate "2006.11.23"]
[SourceQuality "1"]

1. c4 Nf6 2. g3 g6 3. Bg2 Bg7 4. e3 d6 5. Ne2 c6 6. 0-0 Bg4 7. Re1 e5 8. Nbc3 0-0 9. Qb3 Qd7 10. d4 Na6 11. Qc2 Rfe8 12. dxe5 dxe5 13. a3 Rad8 14. b4 Bf5 15. e4 Be6 16. c5 Qd3 17. Qxd3 Rxd3 18. Be3 Ng4 19. Nd1 Red8 20. Nec3 Bf6 21. Bf1 R3d7 22. Bxa6 bxa6 23. Ne2 Bc4 24. Nec3 Rd3 25. h3 Nxe3 26. Rxe3 Bg5 27. Rxd3 Rxd3 28. Na4 Bb3 29. Nab2 Rd4 30. f3 f5 31. exf5 gxf5 32. Nf2 Rd2 33. Nfd1 e4 34. fxe4 fxe4 35. Kf1 e3 36. Rc1 e2+ 37. Ke1 exd1Q+ 38. Nxd1 0-1